000 00971nam a22003137a 4500
001 078
003 DO-SdBNP
005 20230703135951.0
007 078
008 151005b1991 sp 00| 0 spa d
020 _a84753040001
040 _aBPMSU
_bspa
_cBPMSU
082 4 _a823.91
_bD754s 1991
_222
100 1 _aDoyle, Arthur Conan,
_d1859-1930.
245 1 0 _aAventuras de Sherlock Holmes /
_cArthur Conan Doyle ; traducción Armando Lázaro Ros
260 _aBarcelona :
_bObservador,
_c1991
300 _a95 p. ;
_c18 cm.
490 0 _aEl observador ;
_aSherlock Holmes
_v19
490 1 _aSherlock Holmes
534 _aTítulo original :
_tThe adventures of Sherlock Holmes
590 _6Inventariado, 2023/VM
650 4 _aCuentos ingleses
650 4 _aLiteratura inglesa
700 1 _aLázaro Ros, Armando
_etrad.
830 0 _aEl observador
_n19
830 0 _aSherlock Holmes
910 _aYLOCKWARD/VMateo V. Control de calidad (BPMSU)
942 _2ddc
_cBK
999 _c8506
_d8506